000 00340nam a22001217a 4500
008 151028b xxu||||| |||| 00| 0 eng d
082 _aP24.R217 E3
100 _aRaphael, Frederic
_910392
245 _aThe Earlsdon Way
_cFrederic Raphael
260 _aMiddlesex
_bPenguin Books
_c1961
300 _a263p. ;
_c18cm.
942 _2lcc
_cMONOGRAPH
999 _c123643
_d123643